(Khmer) Life without limits / (Record no. 49226)
| 000 -LEADER | |
|---|---|
| fixed length control field | 00298nam a2200109 4500 |
| 020 ## - INTERNATIONAL STANDARD BOOK NUMBER | |
| International Standard Book Number | 9789924507338 |
| 100 ## - MAIN ENTRY--PERSONAL NAME | |
| Personal name | Vujicic, Nick. |
| 245 ## - TITLE STATEMENT | |
| Title | (Khmer) Life without limits / |
| Statement of responsibility, etc | Nick Vujicic. |
| 260 ## - PUBLICATION, DISTRIBUTION, ETC. (IMPRINT) | |
| Place of publication, distribution, etc | Cambodia: |
| Name of publisher, distributor, etc | Sharing Books; |
| Date of publication, distribution, etc | 2020. |
| 300 ## - PHYSICAL DESCRIPTION | |
| Extent | 321 p. |
| Other physical details | ill. |
| Dimensions | 21 cm. |
| 942 ## - ADDED ENTRY ELEMENTS (KOHA) | |
| Source of classification or shelving scheme | |
| Koha item type | Khmer NON FIC Books |
| Withdrawn status | Lost status | Source of classification or shelving scheme | Damaged status | Not for loan | Collection code | Home library | Current library | Shelving location | Date acquired | Total Checkouts | Full call number | Barcode | Date last seen | Date checked out | Price effective from | Koha item type |
|---|---|---|---|---|---|---|---|---|---|---|---|---|---|---|---|---|
| Siem Riep | Asian Hope Secondary Library | Asian Hope Secondary Library | 08/11/2025 | 1 | B 248.86 VUJ | 208735 | 01/16/2026 | 09/30/2025 | 08/11/2025 | Khmer NON FIC Books |